Resoource Brokering in a cloud Environment using a Multi-Agent System (Record no. 12284)
[ view plain ]
| 000 -LEADER | |
|---|---|
| fixed length control field | 00434nam a22001337a 4500 |
| 082 ## - DEWEY DECIMAL CLASSIFICATION NUMBER | |
| Classification number | MS-PhD-IT BAR |
| 100 ## - MAIN ENTRY--PERSONAL NAME | |
| Personal name | Barkha javed |
| 9 (RLIN) | 106029 |
| 245 ## - TITLE STATEMENT | |
| Title | Resoource Brokering in a cloud Environment using a Multi-Agent System |
| 260 ## - PUBLICATION, DISTRIBUTION, ETC. | |
| Place of publication, distribution, etc. | Islamabad |
| Name of publisher, distributor, etc. | NUST SEECS |
| Date of publication, distribution, etc. | 2013 |
| 300 ## - PHYSICAL DESCRIPTION | |
| Extent | 81 P |
| Accompanying material | CD-Rom |
| 500 ## - GENERAL NOTE | |
| General note | Supervisors; Dr. Peter Bloodsworth |
| 856 ## - ELECTRONIC LOCATION AND ACCESS | |
| Uniform Resource Identifier | <a href="http://10.250.8.41:8080/xmlui/handle/123456789/31303">http://10.250.8.41:8080/xmlui/handle/123456789/31303</a> |
| 942 ## - ADDED ENTRY ELEMENTS (KOHA) | |
| Koha item type | Project Report |
| Source of classification or shelving scheme | |
| Withdrawn status | Lost status | Damaged status | Not for loan | Collection code | Permanent Location | Current Location | Shelving location | Date acquired | Total Checkouts | Full call number | Barcode | Date last seen | Price effective from | Koha item type |
|---|---|---|---|---|---|---|---|---|---|---|---|---|---|---|
| Central Library (CL) | Central Library (CL) | General Stacks | 12/21/2013 | MS-PhD-IT BAR | SEECSP01287 | 12/21/2013 | 12/21/2013 | Project Report |
